000 00979 a2200193 4500
020 _a0195790154
020 _a9780195790153
082 0 4 _a355.0095491
090 _c1199
_d1199
100 1 _aCloughley, Brian.
245 1 4 _aThe history of the pakistan army :
_bwars and insurrections /
_cBrian Cloughley.
260 _a[S.l.] :
_bOxford University Press, USA,
_c1999.
300 _a356 p. ;
_c22 cm.
500 _aHardcover.
520 _aThe author gives a candid, no holds barred account of the Pakistan army. He describes its evolution, its brutal suppression of the former East Wing (now Bangladesh), the events leading to the overthrow of Prime Minister Zulfikar Ali Bhutto in 1977, and other dramatic episodes in brisk and telling language.
856 4 0 _3Amazon.com
_uhttp://www.amazon.com/exec/obidos/ASIN/0195790154/chopaconline-20
856 4 0 _3Amazon customer reviews
_uhttp://www.chopac.org/cgi-bin/tools/azrev.pl?q=0195790154
942 _aNBS
_cBK
_k358.1095491 CLO
999 _c343728
_d343728